Statistics for Barcelona Full Squads (2000-)

Click here to take the quiz!

General Stats

  • This quiz has been taken 486 times
  • The average score is 341 of 575

Answer Stats

Year#Pos/CountryAnswer% Correct
2019-202010FW 🇦🇷Lionel Messi
98%
2015-201610FW 🇦🇷Lionel Messi
98%
2017-201810FW 🇦🇷Lionel Messi
98%
2005-200630FW 🇦🇷Lionel Messi
98%
2012-201310FW 🇦🇷Lionel Messi
98%
2006-200719FW 🇦🇷Lionel Messi
98%
2004-200530FW 🇦🇷Lionel Messi
98%
2014-201510FW 🇦🇷Lionel Messi
98%
2020-202110FW 🇦🇷Lionel Messi
98%
2011-201210FW 🇦🇷Lionel Messi
98%
2013-201410FW 🇦🇷Lionel Messi
98%
2018-201910FW 🇦🇷Lionel Messi
98%
2007-200819FW 🇦🇷Lionel Messi
98%
2008-200910FW 🇦🇷Lionel Messi
98%
2009-201010FW 🇦🇷Lionel Messi
98%
2016-201710FW 🇦🇷Lionel Messi
98%
2010-201110FW 🇦🇷Lionel Messi
98%
2021-20221GK 🇩🇪Marc-André ter Stegen
97%
2016-20171GK 🇩🇪Marc-André ter Stegen
97%
2014-20151GK 🇩🇪Marc-André ter Stegen
97%
2022-20231GK 🇩🇪Marc-André ter Stegen
97%
2020-20211GK 🇩🇪Marc-André ter Stegen
97%
2019-20201GK 🇩🇪Marc-André ter Stegen
97%
2018-20191GK 🇩🇪Marc-André ter Stegen
97%
2015-20161GK 🇩🇪Marc-André ter Stegen
97%
2017-20181GK 🇩🇪Marc-André ter Stegen
97%
2004-20056MF 🇪🇸Xavi
97%
2003-20046MF 🇪🇸Xavi
97%
2005-20066MF 🇪🇸Xavi
97%
2014-20156MF 🇪🇸Xavi
97%
2002-20036MF 🇪🇸Xavi
97%
2013-20146MF 🇪🇸Xavi
97%
2007-20086MF 🇪🇸Xavi
97%
2009-20106MF 🇪🇸Xavi
97%
2010-20116MF 🇪🇸Xavi
97%
2008-20096MF 🇪🇸Xavi
97%
2000-200116MF 🇪🇸Xavi
97%
2011-20126MF 🇪🇸Xavi
97%
2001-20026MF 🇪🇸Xavi
97%
2006-20076MF 🇪🇸Xavi
97%
2012-20136MF 🇪🇸Xavi
97%
2004-200524MF 🇪🇸Andrés Iniesta
96%
2012-20138MF 🇪🇸Andrés Iniesta
96%
2017-20188MF 🇪🇸Andrés Iniesta
96%
2002-200334MF 🇪🇸Andrés Iniesta
96%
2008-20098MF 🇪🇸Andrés Iniesta
96%
2016-20178MF 🇪🇸Andrés Iniesta
96%
2010-20118MF 🇪🇸Andrés Iniesta
96%
2014-20158MF 🇪🇸Andrés Iniesta
96%
2015-20168MF 🇪🇸Andrés Iniesta
96%
2003-200424MF 🇪🇸Andrés Iniesta
96%
2013-20148MF 🇪🇸Andrés Iniesta
96%
2011-20128MF 🇪🇸Andrés Iniesta
96%
2007-20088MF 🇪🇸Andrés Iniesta
96%
2006-200724MF 🇪🇸Andrés Iniesta
96%
2005-200624MF 🇪🇸Andrés Iniesta
96%
2009-20108MF 🇪🇸Andrés Iniesta
96%
2012-20133DF 🇪🇸Gerard Piqué
95%
2022-20233DF 🇪🇸Gerard Piqué
95%
2011-20123DF 🇪🇸Gerard Piqué
95%
2014-20153DF 🇪🇸Gerard Piqué
95%
2008-20093DF 🇪🇸Gerard Piqué
95%
2021-20223DF 🇪🇸Gerard Piqué
95%
2015-20163DF 🇪🇸Gerard Piqué
95%
2017-20183DF 🇪🇸Gerard Piqué
95%
2019-20203DF 🇪🇸Gerard Piqué
95%
2018-20193DF 🇪🇸Gerard Piqué
95%
2016-20173DF 🇪🇸Gerard Piqué
95%
2010-20113DF 🇪🇸Gerard Piqué
95%
2009-20103DF 🇪🇸Gerard Piqué
95%
2020-20213DF 🇪🇸Gerard Piqué
95%
2013-20143DF 🇪🇸Gerard Piqué
95%
2018-20199FW 🇺🇾Luis Suárez
95%
2015-20169FW 🇺🇾Luis Suárez
95%
2016-20179FW 🇺🇾Luis Suárez
95%
2014-20159FW 🇺🇾Luis Suárez
95%
2019-20209FW 🇺🇾Luis Suárez
95%
2017-20189FW 🇺🇾Luis Suárez
95%
2018-20195MF 🇪🇸Sergio Busquets
95%
2014-20155MF 🇪🇸Sergio Busquets
95%
2020-20215MF 🇪🇸Sergio Busquets
95%
2017-20185MF 🇪🇸Sergio Busquets
95%
2011-201216MF 🇪🇸Sergio Busquets
95%
2021-20225MF 🇪🇸Sergio Busquets
95%
2015-20165MF 🇪🇸Sergio Busquets
95%
2008-200928MF 🇪🇸Sergio Busquets
95%
2012-201316MF 🇪🇸Sergio Busquets
95%
2022-20235MF 🇪🇸Sergio Busquets
95%
2013-201416MF 🇪🇸Sergio Busquets
95%
2009-201016MF 🇪🇸Sergio Busquets
95%
2016-20175MF 🇪🇸Sergio Busquets
95%
2010-201116MF 🇪🇸Sergio Busquets
95%
2019-20205MF 🇪🇸Sergio Busquets
95%
2004-20055DF 🇪🇸Carles Puyol
94%
2002-20035DF 🇪🇸Carles Puyol
94%
2011-20125DF 🇪🇸Carles Puyol
94%
2008-20095DF 🇪🇸Carles Puyol
94%
2003-20045DF 🇪🇸Carles Puyol
94%
2012-20135DF 🇪🇸Carles Puyol
94%
2007-20085DF 🇪🇸Carles Puyol
94%
2005-20065DF 🇪🇸Carles Puyol
94%
2009-20105DF 🇪🇸Carles Puyol
94%
2010-20115DF 🇪🇸Carles Puyol
94%
2001-200224DF 🇪🇸Carles Puyol
94%
2006-20075DF 🇪🇸Carles Puyol
94%
2000-200124DF 🇪🇸Carles Puyol
94%
2013-20145DF 🇪🇸Carles Puyol
94%
2017-20186MF 🇪🇸Denis Suárez
94%
2018-20196MF 🇪🇸Denis Suárez
94%
2016-20176MF 🇪🇸Denis Suárez
94%
2007-20081GK 🇪🇸Víctor Valdés
94%
2005-20061GK 🇪🇸Víctor Valdés
94%
2012-20131GK 🇪🇸Víctor Valdés
94%
2013-20141GK 🇪🇸Víctor Valdés
94%
2006-20071GK 🇪🇸Víctor Valdés
94%
2011-20121GK 🇪🇸Víctor Valdés
94%
2003-200425GK 🇪🇸Víctor Valdés
94%
2008-20091GK 🇪🇸Víctor Valdés
94%
2002-200326GK 🇪🇸Víctor Valdés
94%
2009-20101GK 🇪🇸Víctor Valdés
94%
2010-20111GK 🇪🇸Víctor Valdés
94%
2004-20051GK 🇪🇸Víctor Valdés
94%
2014-201511FW 🇧🇷Neymar
93%
2016-201711FW 🇧🇷Neymar
93%
2013-201411FW 🇧🇷Neymar
93%
2015-201611FW 🇧🇷Neymar
93%
2021-20228DF 🇧🇷Dani Alves
91%
2009-20102DF 🇧🇷Dani Alves
91%
2012-20132DF 🇧🇷Dani Alves
91%
2008-200920DF 🇧🇷Dani Alves
91%
2011-20122DF 🇧🇷Dani Alves
91%
2010-20112DF 🇧🇷Dani Alves
91%
2015-20166DF 🇧🇷Dani Alves
91%
2013-201422DF 🇧🇷Dani Alves
91%
2014-201522DF 🇧🇷Dani Alves
91%
2020-202118DF 🇪🇸Jordi Alba
90%
2017-201818DF 🇪🇸Jordi Alba
90%
2021-202218DF 🇪🇸Jordi Alba
90%
2019-202018DF 🇪🇸Jordi Alba
90%
2018-201918DF 🇪🇸Jordi Alba
90%
2016-201718DF 🇪🇸Jordi Alba
90%
2014-201518DF 🇪🇸Jordi Alba
90%
2013-201418DF 🇪🇸Jordi Alba
90%
2022-202318DF 🇪🇸Jordi Alba
90%
2012-201318DF 🇪🇸Jordi Alba
90%
2015-201618DF 🇪🇸Jordi Alba
90%
2022-202330MF 🇪🇸Gavi
89%
2021-202230MF 🇪🇸Gavi
89%
2020-202111FW 🇫🇷Ousmane Dembélé
89%
2021-20227FW 🇫🇷Ousmane Dembélé
89%
2017-201811FW 🇫🇷Ousmane Dembélé
89%
2019-202011FW 🇫🇷Ousmane Dembélé
89%
2018-201911FW 🇫🇷Ousmane Dembélé
89%
2022-20237FW 🇫🇷Ousmane Dembélé
89%
2008-20099FW 🇨🇲Samuel Eto'o
89%
2004-20059FW 🇨🇲Samuel Eto'o
89%
2006-20079FW 🇨🇲Samuel Eto'o
89%
2005-20069FW 🇨🇲Samuel Eto'o
89%
2007-20089FW 🇨🇲Samuel Eto'o
89%
2022-20238MF 🇪🇸Pedri
88%
2021-202216MF 🇪🇸Pedri
88%
2020-202116MF 🇪🇸Pedri
88%
2006-200710FW 🇧🇷Ronaldinho
88%
2007-200810FW 🇧🇷Ronaldinho
88%
2004-200510FW 🇧🇷Ronaldinho
88%
2003-200410FW 🇧🇷Ronaldinho
88%
2005-200610FW 🇧🇷Ronaldinho
88%
2021-202221MF 🇳🇱Frenkie de Jong
87%
2020-202121MF 🇳🇱Frenkie de Jong
87%
2019-202021MF 🇳🇱Frenkie de Jong
87%
2022-202321MF 🇳🇱Frenkie de Jong
87%
2021-202217FW 🇳🇱Luuk de Jong
86%
2012-201317FW 🇪🇸Pedro
86%
2009-201017FW 🇪🇸Pedro
86%
2008-200927FW 🇪🇸Pedro
86%
2014-20157FW 🇪🇸Pedro
86%
2010-201117FW 🇪🇸Pedro
86%
2011-201217FW 🇪🇸Pedro
86%
2013-20147FW 🇪🇸Pedro
86%
2011-20127FW 🇪🇸David Villa
85%
2012-20137FW 🇪🇸David Villa
85%
2010-20117FW 🇪🇸David Villa
85%
2014-20154MF 🇭🇷Ivan Rakitic
85%
2017-20184MF 🇭🇷Ivan Rakitic
85%
2015-20164MF 🇭🇷Ivan Rakitic
85%
2016-20174MF 🇭🇷Ivan Rakitic
85%
2019-20204MF 🇭🇷Ivan Rakitic
85%
2018-20194MF 🇭🇷Ivan Rakitic
85%
2011-20129FW 🇨🇱Alexis Sánchez
84%
2013-20149FW 🇨🇱Alexis Sánchez
84%
2012-20139FW 🇨🇱Alexis Sánchez
84%
2022-20239FW 🇵🇱Robert Lewandowski
84%
2020-20214DF 🇺🇾Ronald Araújo
84%
2022-20234DF 🇺🇾Ronald Araújo
84%
2021-20224DF 🇺🇾Ronald Araújo
84%
2019-202033DF 🇺🇾Ronald Araújo
84%
2009-20109FW 🇸🇪Zlatan Ibrahimović
83%
2014-201514MF 🇦🇷Javier Mascherano
82%
2016-201714MF 🇦🇷Javier Mascherano
82%
2015-201614MF 🇦🇷Javier Mascherano
82%
2011-201214MF 🇦🇷Javier Mascherano
82%
2013-201414MF 🇦🇷Javier Mascherano
82%
2012-201314MF 🇦🇷Javier Mascherano
82%
2017-201814MF 🇦🇷Javier Mascherano
82%
2010-201114MF 🇦🇷Javier Mascherano
82%
2008-200914FW 🇫🇷Thierry Henry
82%
2009-201014FW 🇫🇷Thierry Henry
82%
2007-200814FW 🇫🇷Thierry Henry
82%
2016-201713GK 🇨🇱Claudio Bravo
80%
2015-201613GK 🇨🇱Claudio Bravo
80%
2014-201513GK 🇨🇱Claudio Bravo
80%
2022-202322FW 🇧🇷Raphinha
77%
2021-20222DF 🇺🇸Sergiño Dest
77%
2020-20212DF 🇺🇸Sergiño Dest
77%
2008-200929MF 🇪🇸Víctor Sánchez
77%
2021-20229FW 🇳🇱Memphis Depay
76%
2022-202314FW 🇳🇱Memphis Depay
76%
2013-201424DF 🇪🇸Sergi Roberto
76%
2019-202020DF 🇪🇸Sergi Roberto
76%
2016-201720DF 🇪🇸Sergi Roberto
76%
2020-202120DF 🇪🇸Sergi Roberto
76%
2018-201920DF 🇪🇸Sergi Roberto
76%
2012-201328DF 🇪🇸Sergi Roberto
76%
2017-201820DF 🇪🇸Sergi Roberto
76%
2022-202320DF 🇪🇸Sergi Roberto
76%
2021-202220DF 🇪🇸Sergi Roberto
76%
2011-201230DF 🇪🇸Sergi Roberto
76%
2015-201620DF 🇪🇸Sergi Roberto
76%
2014-201520DF 🇪🇸Sergi Roberto
76%
2009-201022DF 🇫🇷Éric Abidal
75%
2011-201222DF 🇫🇷Éric Abidal
75%
2012-201322DF 🇫🇷Éric Abidal
75%
2010-201122DF 🇫🇷Éric Abidal
75%
2008-200922DF 🇫🇷Éric Abidal
75%
2007-200822DF 🇫🇷Éric Abidal
75%
2020-20217FW 🇫🇷Antoine Griezmann
74%
2019-202017FW 🇫🇷Antoine Griezmann
74%
2018-201922MF 🇨🇱Arturo Vidal
74%
2019-202022MF 🇨🇱Arturo Vidal
74%
2016-201722FW 🇪🇸Aleix Vidal
73%
2015-201622FW 🇪🇸Aleix Vidal
73%
2017-201822FW 🇪🇸Aleix Vidal
73%
2020-202114FW 🇧🇷Philippe Coutinho
73%
2018-20197FW 🇧🇷Philippe Coutinho
73%
2017-201814FW 🇧🇷Philippe Coutinho
73%
2021-202214FW 🇧🇷Philippe Coutinho
73%
2019-202023DF 🇫🇷Samuel Umtiti
73%
2020-202123DF 🇫🇷Samuel Umtiti
73%
2016-201723DF 🇫🇷Samuel Umtiti
73%
2018-201923DF 🇫🇷Samuel Umtiti
73%
2017-201823DF 🇫🇷Samuel Umtiti
73%
2004-20054DF 🇲🇽Rafa Márquez
72%
2003-20044DF 🇲🇽Rafa Márquez
72%
2005-20064DF 🇲🇽Rafa Márquez
72%
2006-20074DF 🇲🇽Rafa Márquez
72%
2009-20104DF 🇲🇽Rafa Márquez
72%
2008-20094DF 🇲🇽Rafa Márquez
72%
2007-20084DF 🇲🇽Rafa Márquez
72%
2022-202315DF 🇩🇰Andreas Christensen
71%
2015-20167FW 🇹🇷Arda Turan
70%
2016-20177FW 🇹🇷Arda Turan
70%
2007-200824MF 🇨🇮Yaya Touré
70%
2009-201024MF 🇨🇮Yaya Touré
70%
2008-200924MF 🇨🇮Yaya Touré
70%
2019-202031FW 🇪🇸Ansu Fati
69%
2021-202210FW 🇪🇸Ansu Fati
69%
2020-202122FW 🇪🇸Ansu Fati
69%
2022-202310FW 🇪🇸Ansu Fati
69%
2004-200520MF 🇵🇹Deco
67%
2006-200720MF 🇵🇹Deco
67%
2007-200820MF 🇵🇹Deco
67%
2005-200620MF 🇵🇹Deco
67%
2009-201015MF 🇲🇱Seydou Keita
67%
2011-201215MF 🇲🇱Seydou Keita
67%
2010-201115MF 🇲🇱Seydou Keita
67%
2008-200915MF 🇲🇱Seydou Keita
67%
2011-20124MF 🇪🇸Cesc Fàbregas
66%
2013-20144MF 🇪🇸Cesc Fàbregas
66%
2012-20134MF 🇪🇸Cesc Fàbregas
66%
2021-202219FW 🇪🇸Ferran Torres
66%
2022-202311FW 🇪🇸Ferran Torres
66%
2018-201915DF 🇫🇷Clément Lenglet
65%
2019-202015DF 🇫🇷Clément Lenglet
65%
2020-202115DF 🇫🇷Clément Lenglet
65%
2021-202215DF 🇫🇷Clément Lenglet
65%
2021-202225FW 🇬🇦Pierre-Emerick Aubameyang
65%
2022-202332MF 🇪🇸Pablo Torre
63%
2001-200210MF 🇧🇷Rivaldo
63%
2000-200110MF 🇧🇷Rivaldo
63%
2019-20202DF 🇵🇹Nélson Semedo
62%
2018-20192DF 🇵🇹Nélson Semedo
62%
2017-20182DF 🇵🇹Nélson Semedo
62%
2017-201813GK 🇳🇱Jasper Cillessen
61%
2018-201913GK 🇳🇱Jasper Cillessen
61%
2016-201713GK 🇳🇱Jasper Cillessen
61%
2022-202323DF 🇫🇷Jules Koundé
60%
2008-200934MF 🇪🇸Xavi Torres
57%
2022-202324DF 🇪🇸Eric García
56%
2021-202224DF 🇪🇸Eric García
56%
2022-202319MF 🇨🇮Franck Kessié
55%
2020-20218MF 🇧🇦Miralem Pjanic
55%
2020-202113GK 🇧🇷Neto
55%
2019-202013GK 🇧🇷Neto
55%
2006-200711DF 🇮🇹Gianluca Zambrotta
53%
2007-200811DF 🇮🇹Gianluca Zambrotta
53%
2019-202019FW 🇩🇰Martin Braithwaite
53%
2020-20219FW 🇩🇰Martin Braithwaite
53%
2017-201815MF 🇧🇷Paulinho
53%
2017-201825DF 🇧🇪Thomas Vermaelen
53%
2018-201924DF 🇧🇪Thomas Vermaelen
53%
2015-201623DF 🇧🇪Thomas Vermaelen
53%
2013-201413GK 🇪🇸José Manuel Pinto
52%
2009-201013GK 🇪🇸José Manuel Pinto
52%
2007-200813GK 🇪🇸José Manuel Pinto
52%
2011-201213GK 🇪🇸José Manuel Pinto
52%
2008-200913GK 🇪🇸José Manuel Pinto
52%
2010-201113GK 🇪🇸José Manuel Pinto
52%
2012-201313GK 🇪🇸José Manuel Pinto
52%
2003-200422FW 🇪🇸Luis García
52%
2019-202012MF 🇧🇷Rafinha
52%
2016-201712MF 🇧🇷Rafinha
52%
2015-201612MF 🇧🇷Rafinha
52%
2014-201512MF 🇧🇷Rafinha
52%
2018-201912MF 🇧🇷Rafinha
52%
2003-200436FW 🇪🇸Sergio García
52%
2013-201417MF 🇨🇲Alex Song
51%
2012-201325MF 🇨🇲Alex Song
51%
2001-200219FW 🇪🇸Dani García
51%
2002-200319FW 🇪🇸Dani García
51%
2000-200119FW 🇪🇸Dani García
51%
2007-200817FW 🇲🇽Giovani dos Santos
51%
2004-20057FW 🇸🇪Henrik Larsson
51%
2005-20067FW 🇸🇪Henrik Larsson
51%
2009-201028MF 🇲🇽Jonathan dos Santos
51%
2013-201412MF 🇲🇽Jonathan dos Santos
51%
2011-201228MF 🇲🇽Jonathan dos Santos
51%
2010-201134MF 🇲🇽Jonathan dos Santos
51%
2012-201312MF 🇲🇽Jonathan dos Santos
51%
2001-20029FW 🇳🇱Patrick Kluivert
51%
2002-20039FW 🇳🇱Patrick Kluivert
51%
2000-20019FW 🇳🇱Patrick Kluivert
51%
2003-20049FW 🇳🇱Patrick Kluivert
51%
2022-202328DF 🇪🇸Alejandro Balde
50%
2013-201421DF 🇧🇷Adriano
49%
2012-201321DF 🇧🇷Adriano
49%
2014-201521DF 🇧🇷Adriano
49%
2011-201221DF 🇧🇷Adriano
49%
2015-201621DF 🇧🇷Adriano
49%
2010-201121DF 🇧🇷Adriano
49%
2014-201524DF 🇫🇷Jérémy Mathieu
49%
2016-201724DF 🇫🇷Jérémy Mathieu
49%
2015-201624DF 🇫🇷Jérémy Mathieu
49%
2000-20014MF 🇪🇸Pep Guardiola
49%
2012-201311MF 🇪🇸Thiago
49%
2011-201211MF 🇪🇸Thiago
49%
2010-201130MF 🇪🇸Thiago
49%
2009-201034MF 🇪🇸Thiago
49%
2019-20208MF 🇧🇷Arthur Melo
48%
2018-20198MF 🇧🇷Arthur Melo
48%
2010-20119FW 🇪🇸Bojan Krkic
48%
2008-200911FW 🇪🇸Bojan Krkic
48%
2009-201011FW 🇪🇸Bojan Krkic
48%
2007-200827FW 🇪🇸Bojan Krkic
48%
2016-201721MF 🇵🇹André Gomes
47%
2017-201821MF 🇵🇹André Gomes
47%
2022-202317DF 🇪🇸Marcos Alonso
47%
2005-200617MF 🇳🇱Mark van Bommel
46%
2007-20087FW 🇮🇸Eidur Gudjohnsen
45%
2008-20097FW 🇮🇸Eidur Gudjohnsen
45%
2006-20077FW 🇮🇸Eidur Gudjohnsen
45%
2000-20013DF 🇳🇱Frank de Boer
45%
2002-20033DF 🇳🇱Frank de Boer
45%
2001-20023DF 🇳🇱Frank de Boer
45%
2003-200412DF 🇳🇱Giovanni van Bronckhorst
45%
2006-200712DF 🇳🇱Giovanni van Bronckhorst
45%
2005-200612DF 🇳🇱Giovanni van Bronckhorst
45%
2004-200512DF 🇳🇱Giovanni van Bronckhorst
45%
2006-20078FW 🇫🇷Ludovic Giuly
45%
2005-20068FW 🇫🇷Ludovic Giuly
45%
2004-20058FW 🇫🇷Ludovic Giuly
45%
2002-20037FW 🇦🇷Javier Saviola
44%
2006-200722FW 🇦🇷Javier Saviola
44%
2003-20047FW 🇦🇷Javier Saviola
44%
2001-20027FW 🇦🇷Javier Saviola
44%
2010-201119DF 🇧🇷Maxwell
44%
2011-201219DF 🇧🇷Maxwell
44%
2009-201019DF 🇧🇷Maxwell
44%
2022-202313GK 🇪🇸Iñaki Peña
43%
2000-20016MF 🇪🇸Iván de la Peña
41%
2006-20072DF 🇧🇷Juliano Belletti
40%
2005-20062DF 🇧🇷Juliano Belletti
40%
2004-20052DF 🇧🇷Juliano Belletti
40%
2007-20083DF 🇦🇷Gabriel Milito
39%
2010-201118DF 🇦🇷Gabriel Milito
39%
2009-201018DF 🇦🇷Gabriel Milito
39%
2001-200228MF 🇮🇹Thiago Motta
38%
2002-200331MF 🇮🇹Thiago Motta
38%
2006-20073MF 🇮🇹Thiago Motta
38%
2005-20063MF 🇮🇹Thiago Motta
38%
2004-20053MF 🇮🇹Thiago Motta
38%
2003-200423MF 🇮🇹Thiago Motta
38%
2004-200514MF 🇪🇸Gerard López
37%
2001-200214MF 🇪🇸Gerard López
37%
2000-200114MF 🇪🇸Gerard López
37%
2002-200314MF 🇪🇸Gerard López
37%
2003-200414MF 🇪🇸Gerard López
37%
2003-200411FW 🇳🇱Marc Overmars
37%
2000-200111FW 🇳🇱Marc Overmars
37%
2002-200311FW 🇳🇱Marc Overmars
37%
2001-200211FW 🇳🇱Marc Overmars
37%
2017-201824DF 🇨🇴Yerry Mina
37%
2001-200221MF 🇪🇸Luis Enrique
36%
2003-200421MF 🇪🇸Luis Enrique
36%
2000-200121MF 🇪🇸Luis Enrique
36%
2002-200321MF 🇪🇸Luis Enrique
36%
2005-200611FW 🇦🇷Maxi López
36%
2004-200511FW 🇦🇷Maxi López
36%
2003-200427DF 🇪🇸Óscar López
36%
2005-200616DF 🇧🇷Sylvinho
36%
2008-200916DF 🇧🇷Sylvinho
36%
2007-200816DF 🇧🇷Sylvinho
36%
2004-200516DF 🇧🇷Sylvinho
36%
2006-200716DF 🇧🇷Sylvinho
36%
2015-201617FW 🇲🇦Munir El Haddadi
34%
2016-201717FW 🇲🇦Munir El Haddadi
34%
2018-201919FW 🇲🇦Munir El Haddadi
34%
2014-201531FW 🇲🇦Munir El Haddadi
34%
2008-200921MF 🇧🇾Aleksandr Hleb
33%
2010-201120MF 🇳🇱Ibrahim Afellay
33%
2013-201419MF 🇳🇱Ibrahim Afellay
33%
2002-200310MF 🇦🇷Juan Román Riquelme
33%
2007-200821DF 🇫🇷Lilian Thuram
33%
2006-200721DF 🇫🇷Lilian Thuram
33%
2016-201719DF 🇫🇷Lucas Digne
33%
2017-201819DF 🇫🇷Lucas Digne
33%
2021-202211FW 🇪🇸Adama Traoré
32%
2018-201914FW 🇧🇷Malcom
32%
2015-201615DF 🇪🇸Marc Bartra
32%
2013-201415DF 🇪🇸Marc Bartra
32%
2010-201132DF 🇪🇸Marc Bartra
32%
2014-201515DF 🇪🇸Marc Bartra
32%
2012-201315DF 🇪🇸Marc Bartra
32%
2003-20043MF 🇳🇱Edgar Davids
31%
2018-201919MF 🇬🇭Kevin-Prince Boateng
31%
2020-202112MF 🇪🇸Riqui Puig
30%
2021-20226MF 🇪🇸Riqui Puig
30%
2019-202028MF 🇪🇸Riqui Puig
30%
2003-20048MF 🇳🇱Phillip Cocu
29%
2000-20018MF 🇳🇱Phillip Cocu
29%
2002-20038MF 🇳🇱Phillip Cocu
29%
2001-20028MF 🇳🇱Phillip Cocu
29%
2003-200420FW 🇵🇹Ricardo Quaresma
29%
2011-201237FW 🇪🇸Cristian Tello
28%
2013-201420FW 🇪🇸Cristian Tello
28%
2012-201337FW 🇪🇸Cristian Tello
28%
2006-200715MF 🇧🇷Edmílson
28%
2005-200615MF 🇧🇷Edmílson
28%
2007-200815MF 🇧🇷Edmílson
28%
2004-200515MF 🇧🇷Edmílson
28%
2022-20232DF 🇪🇸Héctor Bellerín
27%
2003-200432DF 🇪🇸Oleguer
27%
2004-200523DF 🇪🇸Oleguer
27%
2006-200723DF 🇪🇸Oleguer
27%
2007-200823DF 🇪🇸Oleguer
27%
2005-200623DF 🇪🇸Oleguer
27%
2020-202128DF 🇪🇸Óscar Mingueza
27%
2021-202222DF 🇪🇸Óscar Mingueza
27%
2008-20092DF 🇺🇾Martín Cáceres
26%
2014-20152DF 🇪🇸Martín Montoya
26%
2013-20142DF 🇪🇸Martín Montoya
26%
2012-201319DF 🇪🇸Martín Montoya
26%
2011-201235DF 🇪🇸Martín Montoya
26%
2000-200117MF 🇫🇷Emmanuel Petit
25%
2017-201817FW 🇪🇸Paco Alcácer
25%
2016-201717FW 🇪🇸Paco Alcácer
25%
2005-200626DF 🇪🇸Rodri
24%
2020-202117FW 🇵🇹Trincão
24%
2002-20032DF 🇳🇱Michael Reiziger
22%
2000-20012DF 🇳🇱Michael Reiziger
22%
2001-20022DF 🇳🇱Michael Reiziger
22%
2003-20042DF 🇳🇱Michael Reiziger
22%
2021-202214MF 🇪🇸Nico González
21%
2004-200528GK 🇪🇸Rubén Martínez
21%
2003-20041GK 🇹🇷Rüstü Recber
21%
2018-201921MF 🇪🇸Carles Aleñá
20%
2016-201728MF 🇪🇸Carles Aleñá
20%
2019-202019MF 🇪🇸Carles Aleñá
20%
2017-201826MF 🇪🇸Carles Aleñá
20%
2020-20216MF 🇪🇸Carles Aleñá
20%
2011-201223FW 🇪🇸Isaac Cuenca
20%
2009-201020MF 🇻🇪Jeffrén
20%
2006-200733MF 🇻🇪Jeffrén
20%
2010-201111MF 🇻🇪Jeffrén
20%
2019-202024DF 🇩🇴Junior Firpo
20%
2020-202124DF 🇩🇴Junior Firpo
20%
2019-202027FW 🇪🇸Carles Pérez
18%
2014-201516DF 🇧🇷Douglas
18%
2017-201816FW 🇪🇸Gerard Deulofeu
18%
2003-20043DF 🇸🇪Patrik Andersson
18%
2001-20024DF 🇸🇪Patrik Andersson
18%
2002-20034DF 🇸🇪Patrik Andersson
18%
2000-200135GK 🇪🇸Pepe Reina
18%
2001-200213GK 🇪🇸Pepe Reina
18%
2015-201625GK 🇪🇸Jordi Masip
17%
2014-201525GK 🇪🇸Jordi Masip
17%
2018-201917DF 🇨🇴Jeison Murillo
16%
2015-201619FW 🇪🇸Sandro Ramírez
16%
2014-201529FW 🇪🇸Sandro Ramírez
16%
2003-200418MF 🇪🇸Gabri
15%
2001-200218MF 🇪🇸Gabri
15%
2002-200318MF 🇪🇸Gabri
15%
2005-200618MF 🇪🇸Gabri
15%
2004-200518MF 🇪🇸Gabri
15%
2000-200118MF 🇪🇸Gabri
15%
2014-201526MF 🇪🇸Sergi Samper
15%
2015-201626MF 🇪🇸Sergi Samper
15%
2000-200123FW 🇳🇱Boudewijn Zenden
14%
2020-202127MF 🇬🇳Ilaix Moriba
14%
2000-200120FW 🇵🇹Simão
14%
2000-20015DF 🇪🇸Abelardo
13%
2001-20025DF 🇪🇸Abelardo
13%
2004-200532DF 🇪🇸Damià Abella
13%
2021-202233FW 🇲🇦Abde Ezzalzouli
12%
2004-200525GK 🇪🇸Albert Jorquera
12%
2005-200625GK 🇪🇸Albert Jorquera
12%
2008-200925GK 🇪🇸Albert Jorquera
12%
2007-200825GK 🇪🇸Albert Jorquera
12%
2006-200725GK 🇪🇸Albert Jorquera
12%
2003-200428GK 🇪🇸Albert Jorquera
12%
2001-200223DF 🇮🇹Francesco Coco
12%
2002-200317MF 🇪🇸Gaizka Mendieta
12%
2001-20021GK 🇦🇷Roberto Bonano
12%
2002-20031GK 🇦🇷Roberto Bonano
12%
2004-200522MF 🇮🇹Demetrio Albertini
11%
2011-201224DF 🇪🇸Andreu Fontàs
10%
2010-201126DF 🇪🇸Andreu Fontàs
10%
2009-201032DF 🇪🇸Andreu Fontàs
10%
2002-200312DF 🇫🇷Philippe Christanval
10%
2001-200217DF 🇫🇷Philippe Christanval
10%
2000-20011GK 🇫🇷Richard Dutruel
10%
2000-200112DF 🇪🇸Sergi Barjuan
10%
2001-200212DF 🇪🇸Sergi Barjuan
10%
2002-200325GK 🇩🇪Robert Enke
9%
2000-200125GK 🇪🇸Francesc Arnau
8%
2002-200320DF 🇦🇷Juan Pablo Sorín
8%
2009-201021DF 🇺🇦Dmytro Chygrynskyi
7%
2002-200322MF 🇧🇷Geovanni
7%
2001-200222MF 🇧🇷Geovanni
7%
2001-200215MF 🇧🇷Fábio Rochemback
6%
2002-200315MF 🇧🇷Fábio Rochemback
6%
2004-200519DF 🇪🇸Fernando Navarro
6%
2002-200335DF 🇪🇸Fernando Navarro
6%
2001-200226DF 🇪🇸Fernando Navarro
6%
2009-201031FW 🇮🇱Gai Assulin
6%
2013-201429FW 🇨🇲Jean Marie Dongou
6%
2018-201927DF 🇪🇸Juan Miranda
6%
2010-201127FW 🇪🇸Nolito
6%
2007-200828GK 🇪🇸Oier Olazábal
6%
2008-200941GK 🇪🇸Oier Olazábal
6%
2005-200614FW 🇪🇸Santiago Ezquerro
6%
2006-200718FW 🇪🇸Santiago Ezquerro
6%
2007-200818FW 🇪🇸Santiago Ezquerro
6%
2001-200220FW 🇪🇸Alfonso
5%
2000-20017FW 🇪🇸Alfonso
5%
2015-201628MF 🇪🇸Gerard Gumbau
5%
2022-202338FW 🇪🇸Ángel Alarcón
4%
2005-200631DF 🇪🇸Jesús Olmo
4%
2016-201733DF 🇧🇷Marlon
4%
2013-201427DF 🇪🇸Patric
4%
2012-201329DF 🇪🇸Carles Planas
3%
2006-200732MF 🇪🇸Marc Crosas
3%
2000-200130DF 🇪🇸David Bermudo
2%
2005-200641MF 🇫🇷Ludovic Sylvestre
2%
2000-200128FW 🇪🇸Sergio Santamaría
2%
2006-200729DF 🇪🇸Marc Valiente
1%

Score Distribution

Percentile by Number Answered

Percent of People with Each Score

Your Score History

You have not taken this quiz